Normal view
MARC view
Entry Personal Name
001 - CONTROL NUMBER
- control field: 72483
003 - CONTROL NUMBER IDENTIFIER
- control field: dpl
005 - DATE AND TIME OF LATEST TRANSACTION
- control field: 20241008163254.0
008 - FIXED-LENGTH DATA ELEMENTS
- fixed length control field: 241008|| aca||aabn | a|a d
040 ## - CATALOGING SOURCE
- Original cataloging agency: dpl
- Transcribing agency: dpl
100 ## - HEADING--PERSONAL NAME
- Personal name: Raman, Sandhya
670 ## - SOURCE DATA FOUND
- Source citation: Work cat.: (dpl)206178: Madhavan, A, 72482, Boundless and Bare/, 2019
